International M&A, joint ventures and beyond (Бичлэгийн дугаар. 145943)
| 000 -УДИРДЛАГА | |
|---|---|
| Удирдлага | 01686nam a22003017a 4500 |
| 003 - ХЯНАЛТЫН ТОО ТОДОРХОЙЛОГЧ | |
| Код | MN-UlNUM |
| 005 - БИЧИЛТ ХИЙСЭН ОГНОО | |
| Тухайн бичилтийг бичсэн засварласан сүүлийн огноо | 20251215163331.0 |
| 008 - ЕРӨНХИЙ МЭДЭЭЛЭЛ | |
| Ерөнхий мэдээлэл | 251215s2002 nju | 00| 0 eng d |
| 020 ## - ISBN | |
| ISBN | 0471022500 |
| 040 ## - БИЧЛЭГ ҮҮСГЭГЧ БАЙГУУЛЛАГА | |
| Бичлэг үүсгэгч номын сангийн код | МУИС-ийн номын сан |
| 084 ## - ББК АНГИЛАЛ | |
| Нэмэлт тусгалт | Сурах бичиг |
| ББК ангилал | 65.428 |
| Зохиогчийн гурван тэмдэгт | I-69 |
| Мэдлэгийн ялгаа | 65 - Эдийн засаг |
| 245 ## - ҮНДСЭН ГАРЧИГ | |
| Номын нэр | International M&A, joint ventures and beyond |
| Бага гарчгийн мэдээ | Questions on the text, Sample agreements and forms, Real-world merger and acquisition documents, Supplementary references |
| 250 ## - ДАХИН ХЭВЛЭЛТ | |
| Дахин гаралтын дугаар | 2nd edition |
| 260 ## - ГАРАЛТЫН МЭДЭЭ | |
| Хэвлэгдсэн газар | Hoboken, New Jersey |
| Хэвлэлийн газар | John Wiley and Sons, inc |
| Хэвлэгдсэн он | 2002 |
| 300 ## - МАТЕРИАЛЫН ТОДОРХОЙЛОЛТ | |
| хуудасны тоо | 231 p. |
| 500 ## - Тайлбар | |
| Дансны дугаар | БС 4391, 4392 |
| 505 ## - Агуулгын тэмдэглэгээ | |
| Агуулгын тэмдэглэгээ | International M&A, Joint Ventures, and Beyond provides a graduate- and professional-level course on all aspects and types of international business deals. This accompanying workbook allows you to practice the specialized techniques and strategies associated with becoming a cross-border M&A expert without leaving the comfort of your desk or losing millions of dollars over misunderstood international M&A issues. This workbook?a perfect companion to the actual text?helps familiarize you with the ins and outs of international M&A in today?s business environment. The International M&A, Joint Ventures, and Beyond Workbook offers practical discussion points that will help further your understanding of cross-border deal making. |
| 546 ## - ХЭЛНИЙ ТУХАЙ МЭДЭЭ | |
| Хэл | Англи хэл дээр, |
| 653 ## - Түлхүүр үг | |
| Түлхүүр үг | international M&A |
| 653 ## - Түлхүүр үг | |
| Түлхүүр үг | cross-border M&A |
| 653 ## - Түлхүүр үг | |
| Түлхүүр үг | international transactions |
| 740 ## - НОМЫН ГАРЧИГ | |
| Гарчиг | Student outlines of supplementary Lectures |
| 740 ## - НОМЫН ГАРЧИГ | |
| Гарчиг | Agreements and forms |
| 740 ## - НОМЫН ГАРЧИГ | |
| Гарчиг | Engagement buy side |
| 740 ## - НОМЫН ГАРЧИГ | |
| Гарчиг | Engagement sell side |
| 942 ## - ЭЛЕМЕНТИЙН ТӨРӨЛ | |
| Зүйлийн төрөл | Ном |
